000 00432nam a2200169Ia 4500
008 230524s9999 xx 000 0 und d
020 _a8131501779
082 _a5.133
_bVAL
100 _aJonathan W.Valvano
245 0 _aEmbedded Microcomputer Systems :Real Time Interfacing
250 _a2ND
260 _aNEW DELHI
_bThomson
_c2008
300 _aXIX;522
500 _aQuantity Number: 2
650 _aComp-Sc
942 _cBK
999 _c38079
_d38079